Frontalunterricht - neu entdeckt : integration in offene unterrichtsformen

Αποθηκεύτηκε σε:
Λεπτομέρειες βιβλιογραφικής εγγραφής
Κύριος συγγραφέας: Gudjons, Herbert
Μορφή: Βιβλίο
Γλώσσα:German
Δημοσίευση: Bad Heilbrunn : Klinkhardt, 2007
Έκδοση:2., durchges. Aufl.
Σειρά:Uni-Taschenbucher ; ; 2948
Θέματα:
Ετικέτες: Προσθήκη ετικέτας
Δεν υπάρχουν, Καταχωρήστε ετικέτα πρώτοι!

MARC

LEADER 00000nam a2200000 i 4500
001 1/61728
008 071105s2007 ger d
020 |a 978-3-7815-1540-6 (Klinkhardt) 
020 |a 978-3-8252-2948-1 (UTB) 
035 |l 10092067 
040 |a GR-MY-UA  |b gre  |e aacr 
041 0 |a ger 
082 0 |a 371.102  |2 (22) 
100 1 |a Gudjons, Herbert. 
245 1 0 |a Frontalunterricht - neu entdeckt :  |b integration in offene unterrichtsformen /  |c von Herbert Gudjons 
250 |a 2., durchges. Aufl. 
260 |a Bad Heilbrunn :   |b Klinkhardt,   |c 2007 
300 |a 277 σ.;  |b εικ., σχ.;  |c 21 εκ. 
490 1 |a UTB  |v ; 2948 
504 |a Βιβλιογραφία: σ. [269]-277 
650 0 0 |a Teaching. 
650 0 0 |a Teaching  |x Methodology. 
650 0 0 |a Study and teaching. 
830 0 |a Uni-Taschenbucher ;  |v ; 2948 
852 |a INST  |b RHODES  |e 20071105  |h 371.102 GUD  |p 005400025308  |q 005400025308  |t BK  |y 0 
901 |a BIBL4-2007-3 
909 |a Ρ  |b 139571 
922 |a 4ΕΛΗ  |b 200709  |c ΕΠΕΑΕΚ2/ΠΤΔΕ  |d ΠΑΠΑΣΩΤΗΡΙΟΥ 
970 |a ΧΑΡΙΟΠΟΛΙΤΟΥ  |b ΚΩΝΣΤΑΝΤΙΝΑ  |z 2007/11/ 05